000 00309nam a2200133Ia 4500
008 211105s9999||||xx |||||||||||||| ||und||
082 _aRD923.587 B742B 1992
084 _b13-00177
100 _aBosch, Juan, 1909-2001
245 0 _aBolivar y la guerra social
260 _c1992
300 _a0
999 _c16591
_d16591